01762cam a22003614i 4500003000900000005001700009008004100026035001800067040003300085082002200118100002800140245007000168264004200238300004500280336002100325337002500346338002300371500010000394505075800494526000901252526000901261526000901270526000901279526000901288526000901297526000801306526000801314526000801322526000801330526000801338526000801346650004601354PE-LiUPU20250731184559.0150616s r 000 0 d a(Sirsi) a5105 aPE-LiUPUbspacPE-LiUPUerda04a918.1104bF782211 aFountain, Paul,eautor.14aThe river Amazon :bfrom its sources to the sea /cPaul Fountain. 1aLondon :bConstable & Company,c1914. a321 páginas :bilustraciones ;c23 cm. atext2rdacontent aunmediated2rdamedia avolume2rdacarrier aAdjunto: un plano continental del rio Amazonas, elaborado por el capáginas Thomas W. Whiffen.0 aThe discovery of the Amazon -- The sources of the Amazon -- The upper Marañon -- The Downward Rush to the great forest -- The Ucayali -- The search for the Head-waters -- The Head-waters of the purus -- More about the Head-waters -- Some other Head-waters of the Amazon -- Attempted ascents of Cotopaxi and Antisana -- The plains of Ecuador and Colombia -- Natural history of the upper Amazon -- A voyage up the Purus -- Continuation of the voyage on the Purus -- Conclusion of the voyage on the Purus -- The country between Purus and Tapajos -- The country between Tapajos and Araguay -- Valleys of Araguay and Tocantins -- The cordillera grande Region -- High up the Amazon river -- Five hundred miles down stream -- The lower reaches of the Amazon. aP136 aP135 aP134 aP133 aP144 aP143 aP87 aP35 aP20 aP14 aP10 aP0604aAmazonas (Río)xDescripciones y viajes.